000 00734nam a2200217 a 4500
001 68862
003 BD-RjUL
005 20211209081822.0
008 170406s1946 ii ||||| |||| 00| 0 ben d
035 _a(BD-RjUL)69073
040 _aBD-RjUL
_beng
_cBD-RjUL
041 _aeng
082 _223
_a891.441
_bTHP 1946
100 _aঠাকুর, রবীন্দ্রনাথ
_9204051
245 _aপ্রহাসিনী /
_cরবীন্দ্রনাথ ঠাকুর
260 _aকলিকাতা :
_bবোস প্রেস,
_c১৯৪৬
300 _a৮৮ পৃ.
_c১৭ সে.মি.
650 _aবাংলা
_vকবিতা
_9204052
650 _aBengali
_vpoetry
_9204053
942 _2ddc
_cBK
999 _c68862
_d68862